[Event "2nd Open"]
[Site "Rethymno GRE"]
[Date "2010.07.19"]
[Round "8"]
[White "Georgiadis,I"]
[Black "Zubarev,Al1"]
[Result "1/2-1/2"]
[WhiteElo "2457"]
[BlackElo "2562"]

1.e4 c5 2.Nf3 Nc6 3.d4 cxd4 4.Nxd4 Qb6 5.Nb3 Nf6 6.Nc3 e6 7.Qe2 Bb4 8.Bd2 O-O
9.a3 Bxc3 10.Bxc3 e5 11.O-O-O Re8 12.f3 d6 13.Rxd6 Nd4 14.Rxd4 exd4 15.Bxd4 Qc6
16.Qb5 Qxb5 17.Bxb5 Bd7 18.Bxd7 Nxd7 19.Na5 b6 20.Nc6 Re6 21.Nb4 f5 22.exf5 Re2
23.Rg1 Rf8 24.Kd1 Ree8 25.g4 Ne5 26.Bxe5 Rxe5 27.Nd3 Re7 28.Re1 Rxe1+ 29.Kxe1 g6
30.fxg6 hxg6 31.Ke2 Kg7 32.h3 Re8+ 33.Kd2 Kf6 34.f4 Re4 35.b3 b5 36.Nf2 Rxf4
37.Ke3 g5 38.h4 Kg7 39.hxg5 Rf8 40.Ne4 Rc8 41.c3 Rc6 42.Kd4 Ra6 43.Kc5 Rxa3
44.Kb4 Ra6 45.Kxb5 Rb6+ 46.Kc4 a5 47.Nd2 Kg6 48.Nf3 Rc6+ 49.Kd3 Rc8 50.c4 a4
51.bxa4 Ra8 52.c5 Rxa4 53.c6 Ra3+ 54.Ke4 Rc3 55.Ne5+ Kxg5 56.Kd5 Kf4 57.Nc4 Rd3+
58.Kc5 Rd8 59.Nd6 Kxg4 60.c7 Rg8  1/2-1/2

[Event "6th WSCC U17"]
[Site "Kayseri TUR"]
[Date "2010.07.24"]
[Round "4"]
[White "Bolat,A"]
[Black "Tekeli,T"]
[Result "1-0"]
[WhiteElo "2016"]
[BlackElo "1912"]

1.e4 c5 2.Nf3 Nc6 3.d4 cxd4 4.Nxd4 Qb6 5.Nb3 e6 6.Nc3 Nf6 7.Be3 Qc7 8.g3 Bb4
9.Bg2 O-O 10.O-O a6 11.Na4 b5 12.Nb6 Rb8 13.Nxc8 Rbxc8 14.c3 Be7 15.f4 d6
16.g4 d5 17.e5 Nd7 18.Nd4 Bc5 19.Kh1 Qb6 20.Nxc6 Rxc6 21.Bxc5 Qxc5 22.Qe1 Rfc8
23.Rd1 Qc4 24.a3 Qb3 25.Rd2 a5 26.f5 b4 27.axb4 axb4 28.cxb4 Qxb4 29.Qf2 Nxe5
30.fxe6 fxe6 31.Re2 Qd6 32.Rxe5 Rf8 33.Re2 Rfc8 34.Re5 Rf8 35.Re2 Rfc8 36.Re5 Rf8
37.Qxf8+ Qxf8 38.Rxf8+ Kxf8 39.h3 Kf7 40.Re2 Rc5 41.Kg1 Ke7 42.b4 Rb5 43.Rb2 Kd6
44.Kf2 e5 45.Ke3 g5 46.Bf1 Rb8 47.b5 Kc5 48.Rc2+ Kb4 49.Rc7 Rb6 50.Re7 Rf6
51.Be2 Kc3 52.Rc7+ Kb4 53.Rxh7 Kc3 54.Rc7+ Kb4 55.Rc6 Rf8 56.b6 Rb8 57.Re6 Kc3
58.Rxe5 d4+ 59.Kf2 Rxb6 60.Rxg5 Kd2 61.Rd5 Rf6+ 62.Bf3 d3 63.g5 Rf8 64.h4 Kc3
65.g6  1-0

[Event "6th WSCC U17"]
[Site "Kayseri TUR"]
[Date "2010.07.24"]
[Round "4"]
[White "Olcum,A"]
[Black "Gor,O"]
[Result "0-1"]
[WhiteElo "1949"]
[BlackElo "1871"]

1.e4 c5 2.Nf3 Nc6 3.d4 cxd4 4.Nxd4 Qb6 5.Nb3 Nf6 6.Nc3 e6 7.Bd3 a6 8.Be3 Qc7
9.f4 d6 10.Qf3 Be7 11.g4 O-O 12.O-O-O b5 13.g5 Nd7 14.f5 Nce5 15.Qg3 Nxd3+
16.Rxd3 Ne5 17.Rdd1 b4 18.Ne2 exf5 19.exf5 Bxf5 20.Ned4 Be4 21.Rhf1 Rac8
22.Rd2 a5 23.Kb1 a4 24.Nc1 Nc4 25.Rdf2 Nxb2 26.Kxb2 Qc3+ 27.Kb1 b3 28.axb3 a3
29.Nd3 a2+  0-1

[Event "TCh-MNE Premier League"]
[Site "Cetinje MNE"]
[Date "2010.07.25"]
[Round "2"]
[White "Pavlovic,Dej"]
[Black "Djukic,Ni"]
[Result "1/2-1/2"]
[WhiteElo "2413"]
[BlackElo "2503"]

1.e4 c5 2.Nf3 Nc6 3.d4 cxd4 4.Nxd4 Qc7 5.Nc3 e6 6.Be2 a6 7.O-O Nf6 8.Be3 Be7
9.f4 d6 10.Kh1 O-O 11.Qe1 Nxd4 12.Bxd4 b5 13.a3 Bb7 14.Qg3 Rad8 15.Rae1 Rd7
16.Bd3 Re8 17.Re2 Qd8 18.Nd1 Bf8 19.Qh3 e5 20.Bf2 Be7 21.Bh4 Rc7 22.Ne3 Bc8
23.Qf3 Rf8 24.Nf5 Bxf5 25.exf5 Nd7 26.Bg3 Bf6 27.c3 exf4 28.Bxf4 Be5 29.Bd2 Nf6
30.Bg5 h6 31.Bh4 Qa8 32.Bxf6 Qxf3 33.Rxf3  1/2-1/2

[Event "TCh-MNE Premier League"]
[Site "Cetinje MNE"]
[Date "2010.07.25"]
[Round "2"]
[White "Anicic,V"]
[Black "Petrovic,Sla MNE"]
[Result "1-0"]
[WhiteElo "2203"]
[BlackElo "2123"]

1.e4 c5 2.Nf3 Nc6 3.d4 cxd4 4.Nxd4 Qc7 5.Nc3 e6 6.Be3 Bb4 7.Be2 Nf6 8.O-O a6
9.Nxc6 Bxc3 10.bxc3 Qxc6 11.e5 Nd5 12.c4 Nc3 13.Qd3 Nxe2+ 14.Qxe2 b5 15.c5 Bb7
16.f4 f5 17.Rf2 h5 18.Rd1 h4 19.h3 Qc7 20.Rd6 Bc6 21.Qe1 Rh6 22.Rfd2 Ke7
23.g4 fxg4 24.hxg4 h3 25.Kh2 Rah8 26.Qg3 Qa5 27.f5 R6h7 28.fxe6 g5 29.exd7  1-0

[Event "6th WSCC U17"]
[Site "Kayseri TUR"]
[Date "2010.07.25"]
[Round "5"]
[White "Topak,E"]
[Black "Tekeli,T"]
[Result "1-0"]
[WhiteElo "2269"]
[BlackElo "1912"]

1.e4 c5 2.Nf3 Nc6 3.d4 cxd4 4.Nxd4 Qb6 5.Nb5 a6 6.Be3 Qd8 7.N5c3 Nf6 8.Nd5 Nxd5
9.exd5 Ne5 10.f4 Ng6 11.Nc3 d6 12.Qd2 Bd7 13.g3 e5 14.dxe6 fxe6 15.Bg2 Bc6
16.O-O-O Be7 17.h4 Qc7 18.f5 Ne5 19.fxe6 Nc4 20.Bxc6+ bxc6 21.Qd4 Nxe3 22.Qxe3 O-O
23.Rhf1 d5 24.Ne2 Qa5 25.a3 Rab8 26.Nd4 Qb6 27.Rxf8+ Rxf8 28.Qd3 Bf6 29.c3 Rb8
30.Rd2 Re8 31.Re2 c5 32.Nf5 Qc6 33.e7 g6 34.Ne3 d4 35.Qc4+ Kg7 36.Nd5 dxc3
37.bxc3 Qd6 38.Nxf6 Qxf6 39.Qxc5 Qf1+ 40.Kd2 Qb1 41.Qe5+ Kg8 42.Rf2 Qa2+
43.Ke1 Qb1+ 44.Ke2 Qc2+ 45.Kf1 Qd3+ 46.Kg1 Qc4 47.Qf6  1-0

[Event "6th WSCC U17"]
[Site "Kayseri TUR"]
[Date "2010.07.26"]
[Round "6"]
[White "Okay,I"]
[Black "Gor,O"]
[Result "1-0"]
[WhiteElo "1872"]
[BlackElo "1871"]

1.e4 c5 2.Nf3 Nc6 3.d4 cxd4 4.Nxd4 Qb6 5.Nb3 Nf6 6.Nc3 e6 7.Bd3 a6 8.O-O Be7
9.Kh1 O-O 10.f4 d6 11.Qe2 Qc7 12.Bd2 b5 13.Rae1 Bb7 14.Rf3 g6 15.Rh3 b4 16.Nd1 e5
17.f5 Rfe8 18.Rf1 Qd8 19.Bg5 Bc8 20.Ne3 Nd4 21.Qf2 Nxb3 22.axb3 Ng4 23.Nxg4 Bxg5
24.fxg6 f6 25.Bc4+ Be6 26.Bxe6+ Rxe6 27.Qf5 Qe8 28.Rxh7 Re7 29.Qxg5  1-0

[Event "ch-AUT"]
[Site "Vienna AUT"]
[Date "2010.07.27"]
[Round "4"]
[White "Sandhoefner,F"]
[Black "Poetz,F"]
[Result "0-1"]
[WhiteElo "2229"]
[BlackElo "2347"]

1.e4 c5 2.Nf3 Nc6 3.d4 cxd4 4.Nxd4 Qb6 5.Nb3 Nf6 6.Nc3 e6 7.Bd3 a6 8.O-O Be7
9.Kh1 Qc7 10.f4 d6 11.Qf3 Rb8 12.Bd2 O-O 13.g4 Re8 14.g5 Nd7 15.Qh3 g6 16.Rae1 b5
17.f5 exf5 18.exf5 Nde5 19.Nd5 Qd8 20.Nxe7+ Nxe7 21.Ba5 Qd7 22.Nd4 Qa7 23.Qh4 Bb7+
24.Kg1 Nxd3 25.cxd3 Nxf5 26.Rxf5 gxf5 27.Rf1 Be4 28.Qf2 Bxd3 29.Nxf5 Qxf2+
30.Rxf2 Bxf5 31.Rxf5 Re5  0-1

[Event "Tch-POR 1st Div Final"]
[Site "Vila Nova de Gaia POR"]
[Date "2010.07.29"]
[Round "6.4"]
[White "Spraggett,K"]
[Black "Rocha,S"]
[Result "0-1"]
[WhiteElo "2575"]
[BlackElo "2431"]

1.e4 c5 2.Nf3 Nc6 3.d4 cxd4 4.Nxd4 Qb6 5.Nb3 Nf6 6.Nc3 e6 7.Qe2 d6 8.g4 h6
9.Bg2 a6 10.f4 Qc7 11.a4 Be7 12.h3 Nd7 13.Be3 g5 14.O-O-O gxf4 15.Bxf4 Nce5
16.Kb1 b6 17.Rhf1 Bb7 18.Qf2 Rc8 19.Nd4 Qc5 20.Be3 Qb4 21.Nde2 b5 22.Bd2 Qc4
23.b3 Qc7 24.axb5 axb5 25.Rc1 Qa5 26.Kb2  0-1

[Event "6th WSCC U17"]
[Site "Kayseri TUR"]
[Date "2010.07.30"]
[Round "9"]
[White "Olcum,A"]
[Black "Tekeli,T"]
[Result "0-1"]
[WhiteElo "1949"]
[BlackElo "1912"]

1.e4 c5 2.Nf3 Nc6 3.d4 cxd4 4.Nxd4 Qb6 5.Nb3 e6 6.Nc3 Nf6 7.Bd3 a6 8.Be3 Qc7
9.f4 d6 10.Qf3 Be7 11.g4 b5 12.O-O-O Bb7 13.Kb1 O-O-O 14.g5 Nd7 15.Qh3 h6
16.g6 Bf6 17.Ne2 fxg6 18.Qxe6 Rhe8 19.Qg4 g5 20.fxg5 Ne5 21.Qg3 hxg5 22.Bxg5 Nc4
23.Nc3 Na3+ 24.bxa3 Qxc3 25.Bxf6 Nxf6 26.Rhe1 Kb8 27.Re3 Qc7 28.Rde1 Re5
29.Qg6 Rde8 30.Nd4 Nd5 31.Rg3 Nc3+ 32.Ka1 Nxe4 33.Bxe4 Bxe4 34.Qxg7 Qc4 35.c3 Bd5  0-1

[Event "Open ch-BUL w"]
[Site "Vratsa BUL"]
[Date "2010.07.30"]
[Round "8"]
[White "Videnova,I"]
[Black "Sirkova,D"]
[Result "1-0"]
[WhiteElo "2304"]
[BlackElo "2109"]

1.e4 c5 2.Nf3 Nc6 3.d4 cxd4 4.Nxd4 Qb6 5.Nb3 Nf6 6.Nc3 e6 7.Qe2 Bb4 8.Bd2 d6
9.a3 Bxc3 10.Bxc3 e5 11.O-O-O Qc7 12.f3 O-O 13.g4 Be6 14.Kb1 Rab8 15.h4 b5
16.Qd2 Rfd8 17.Ba5 Nxa5 18.Qxa5 Qb7 19.Nc5 Qb6 20.Qxb6 Rxb6 21.Bh3 Bc8 22.Nd3 Re8
23.g5 Nh5 24.Bg4 g6 25.Rd2 a5 26.Rhd1 Kf8 27.Nf2 Ke7 28.Bxh5 gxh5 29.Nh1 h6
30.Rg1 Rg8 31.Rdg2 Rg6 32.gxh6 Rxh6 33.Rg5 Be6 34.Ng3 Rb8 35.Nf5+ Bxf5 36.Rxf5 Rg6
37.Rgg5 Rxg5 38.Rxg5 Rh8 39.Kc1 Kf8 40.Kd2 f6 41.Rg1 Kf7 42.Kd3 Rc8 43.c3 Rc4
44.b3 Rc8 45.c4 bxc4+ 46.bxc4 Rb8 47.Kc2 Rc8 48.Kb3 a4+ 49.Kb4 Ra8 50.Rd1 Ke6
51.Rd5 Rc8 52.Ra5 f5 53.Rxa4 fxe4 54.fxe4 Rg8 55.Kb5 Rg4 56.c5 dxc5 57.Kxc5 Rxh4
58.Ra6+ Kd7 59.Kd5 Rg4 60.Ra7+ Kc8 61.Kxe5 Rg6 62.Kf5 Rh6 63.Kg5 Re6 64.Ra4 Re5+
65.Kf6 Rb5 66.e5 Rb3 67.e6 Rf3+ 68.Ke7 h4 69.Rxh4 Rxa3 70.Rc4+ Kb8 71.Kd6 Rd3+
72.Ke5 Re3+ 73.Re4 Rh3 74.e7 Rh8 75.Kd6  1-0

[Event "FSGM August"]
[Site "Budapest HUN"]
[Date "2010.08.10"]
[Round "4"]
[White "Feher,Ad"]
[Black "Szabo,Ben"]
[Result "1/2-1/2"]
[WhiteElo "2233"]
[BlackElo "2243"]

1.e4 c5 2.Nf3 Nc6 3.d4 cxd4 4.Nxd4 Qb6 5.Nb3 Nf6 6.Bd3 d5 7.exd5 Nxd5 8.O-O e5
9.Qe2 Be7 10.c4 Nf6 11.Be3 Qc7 12.Nc3 Bg4 13.f3 Be6 14.Nb5 Qb8 15.Nc5 Bc8
16.Rfd1 O-O 17.Ne4 Nxe4 18.Bxe4 Be6 19.Bd5 Bf5 20.c5 Bg6  1/2-1/2

[Event "Troya Open"]
[Site "Canakkale TUR"]
[Date "2010.08.10"]
[Round "4"]
[White "Kemaloglu,K"]
[Black "Khurtsidze,N"]
[Result "0-1"]
[WhiteElo "2041"]
[BlackElo "2443"]

1.e4 c5 2.Nf3 Nc6 3.d4 cxd4 4.Nxd4 Qb6 5.Nb3 Nf6 6.Nc3 e6 7.Be3 Qc7 8.Bd3 a6
9.a4 b6 10.O-O Bb7 11.f4 d6 12.Qe2 Be7 13.Rae1 O-O 14.Bd2 Nd7 15.Qg4 Nb4
16.Qg3 Nc5 17.Nd4 Qd8 18.Qh3 Bf6 19.Qe3 Ncxd3 20.cxd3 Bxd4 21.Qxd4 Nc2 22.Qf2 Nxe1
23.Rxe1 Qd7 24.Qxb6 Bc6 25.Qa5 d5 26.e5 Qa7+ 27.Be3 d4 28.Bf2 Qb7 29.Bxd4 Qxb2
30.Ne2 Qa2 31.f5 Rfd8 32.Qc3 Qd5  0-1

[Event "Troya Open"]
[Site "Canakkale TUR"]
[Date "2010.08.12"]
[Round "6"]
[White "Abdulov,Or"]
[Black "Khurtsidze,N"]
[Result "1-0"]
[WhiteElo "2295"]
[BlackElo "2443"]

1.e4 c5 2.Nf3 Nc6 3.d4 cxd4 4.Nxd4 Qb6 5.Nb3 Nf6 6.Nc3 e6 7.Qe2 Bb4 8.Bd2 O-O
9.a3 Be7 10.g4 d5 11.g5 Nxe4 12.Nxe4 dxe4 13.Qxe4 e5 14.h4 Nd4 15.Nxd4 Qxd4
16.Qxd4 exd4 17.O-O-O Bf5 18.Bf4 Bc5 19.Bg2 Rac8 20.Rd2 b5 21.Bb7 Rcd8 22.Re1 Bg6
23.b4 Bb6 24.Ba6 d3 25.cxd3 Rxd3 26.Rxd3 Bxd3 27.Be3 f6 28.Bc5 Rd8 29.gxf6 gxf6
30.Bxb6 axb6 31.Re6 Kf7 32.Rxb6 Rd5 33.Rc6 Rf5 34.Kd2 Be4 35.Rc5 Rf3 36.Bxb5 Rxa3
37.Bc4+ Kg6 38.b5 f5 39.b6 Rf3 40.Ke1 Kf6 41.Rc7 Rc3 42.Bd5 Ra3 43.b7 Ra1+
44.Ke2 Rb1 45.Bxe4 fxe4 46.Rxh7 Rb3 47.Kd2 Kg6 48.Kc2 Rb6 49.Re7 Kf6 50.Rc7 Kf5
51.Kc3 Kg4 52.Re7 Kf3 53.h5 Kxf2 54.h6 e3 55.h7 Rc6+ 56.Kb4  1-0

[Event "6th Prospero A Pichay Cup"]
[Site "Manila PHI"]
[Date "2010.08.22"]
[Round "3"]
[White "Roque,M"]
[Black "Haznedaroglu,K"]
[Result "1/2-1/2"]
[WhiteElo "2244"]
[BlackElo "2501"]

1.e4 c5 2.Nf3 Nc6 3.d4 cxd4 4.Nxd4 Qb6 5.Nb3 Nf6 6.Nc3 e6 7.Be3 Qc7 8.Bd3 a6
9.O-O Be7 10.f4 d6 11.a3 O-O 12.g4 b5 13.g5 Nd7 14.Qh5 g6 15.Qh6 Re8 16.Rf3 Bf8
17.Qh4 b4 18.axb4 Nxb4 19.Raf1 Bg7 20.Bd4 Bxd4+ 21.Nxd4 Qc5 22.Ne2 Ra7 23.R1f2 Nxd3
24.Rxd3 Nf8 25.Nc3 Bb7 26.Nb3 Qb6 27.Qg3 Ba8 28.Qe3 Qxe3 29.Rxe3 Rb8 30.Rd2 a5
31.Rd4 e5 32.fxe5 dxe5 33.Ra4 Ne6 34.h4 Kg7 35.Nd1 Rd8 36.Nf2 Rc8 37.Rc3 Rb8
38.Nd3 Rb5 39.Kf2 h6 40.Nbc5 Nxc5 41.Rxc5 Rxc5 42.Nxc5 hxg5 43.hxg5 Bc6 44.Ra3 a4
45.Ke3 f5 46.b4 f4+ 47.Kd2 Bb5 48.c4 Bxc4 49.Rxa4 Rxa4 50.Nxa4 Kf7 51.Nb6 Bb5
52.Nd5 Bc6 53.Nf6 Ke6 54.Ke2 Kd6 55.Kf3 Bb7 56.Nh7 Ke7 57.Nf6 Bc6 58.Ng4 Ke6
59.Nf6 Kd6 60.Kf2  1/2-1/2

[Event "6th Geller Memorial Open A"]
[Site "Odessa UKR"]
[Date "2010.08.23"]
[Round "3"]
[White "Pavlov,Ma"]
[Black "Mirzoev,E"]
[Result "1-0"]
[WhiteElo "2364"]
[BlackElo "2109"]

1.e4 c5 2.Nf3 Nc6 3.d4 cxd4 4.Nxd4 Qb6 5.Nb3 e6 6.Nc3 a6 7.Qe2 d6 8.f4 Be7
9.Be3 Qc7 10.O-O-O Nf6 11.g4 Nd7 12.g5 b5 13.Bg2 Nb6 14.h4 b4 15.Nd5 exd5
16.exd5 Nd8 17.Rhe1 Ra7 18.Bd4 Kf8 19.Rd3 Bf5 20.Re3 Nc8 21.Bxa7 Qxa7 22.Qd2 g6
23.Qxb4 h6 24.Nd4 hxg5 25.Nxf5 gxf4 26.Nxe7 fxe3 27.Nxc8 Qa8 28.Qxd6+ Kg7
29.Qe5+ Kh7 30.Ne7  1-0

[Event "TCh-SRB 1st League"]
[Site "Vrnjacka Banja SRB"]
[Date "2010.08.29"]
[Round "9"]
[White "Martic,I SRB"]
[Black "Popovic,Pe"]
[Result "1/2-1/2"]
[WhiteElo "2313"]
[BlackElo "2495"]

1.e4 c5 2.Nf3 Nc6 3.d4 cxd4 4.Nxd4 Qb6 5.Nb3 Nf6 6.Nc3 e6 7.Bd3 Be7 8.Be3 Qc7
9.f4 d6 10.Qf3 a6 11.g4 b5 12.g5 Nd7 13.O-O-O Bb7 14.Kb1 Rc8 15.Qh3 Nb4  1/2-1/2

[Event "ch-RUS Higher League w"]
[Site "St Petersburg RUS"]
[Date "2010.09.02"]
[Round "8"]
[White "Stjazhkina,O"]
[Black "Markelova,L"]
[Result "1-0"]
[WhiteElo "2273"]
[BlackElo "2075"]

1.e4 c5 2.Nf3 Nc6 3.d4 cxd4 4.Nxd4 Qb6 5.Nb3 Nf6 6.Nc3 e6 7.Qe2 d6 8.Bd2 a6
9.O-O-O Qc7 10.g4 b5 11.Bg2 b4 12.Na4 a5 13.e5 Ba6 14.Qe3 Nd7 15.Nxa5 d5
16.Bxd5 exd5 17.e6 Nf6 18.Rhe1 O-O-O 19.Nxc6 Qxc6 20.Qa7 Qxa4 21.e7 Bxe7
22.Rxe7 Nd7 23.Bf4 Qc6 24.Rxd7  1-0

[Event "3rd Open"]
[Site "Sabadell ESP"]
[Date "2010.09.04"]
[Round "4"]
[White "Escobar Forero,A"]
[Black "Quesada Perez,Y"]
[Result "1-0"]
[WhiteElo "2454"]
[BlackElo "2614"]

1.e4 c5 2.Nf3 Nc6 3.d4 cxd4 4.Nxd4 Qc7 5.Nc3 e6 6.f4 a5 7.Nxc6 Qxc6 8.Bd3 b5
9.Qe2 Bb7 10.a3 Be7 11.Bd2 Rc8 12.O-O-O b4 13.axb4 Bxb4 14.Qg4 Kf8 15.f5 e5
16.Qh3 Nf6 17.g4 Bxc3 18.Bxc3 Qa4 19.Rhe1 d6 20.g5 Nxe4 21.Rxe4 Bxe4 22.f6 Re8
23.Qh4 d5 24.g6 fxg6 25.Rf1 Re6 26.f7 Qa1+ 27.Kd2 Qxf1 28.Bxf1 Kxf7 29.Qf2+ Bf5
30.Qc5 Be4 31.Bh3 Bf5 32.Bg2 Be4 33.Bxe4 dxe4 34.Qd5 Re8 35.Ke3 g5 36.Bxe5 Kg6
37.Bd4 h5 38.c4 g4 39.c5 h4 40.c6 g3 41.hxg3 hxg3 42.c7 g2 43.Ke2 Kh7 44.Qxe6 Rxe6
45.c8=Q e3 46.Qc1  1-0

[Event "TCh-ROU Superliga w"]
[Site "Baile Herculane ROU"]
[Date "2010.09.10"]
[Round "7"]
[White "Uta,Ad"]
[Black "Ursente,M"]
[Result "0-1"]
[WhiteElo "2087"]
[BlackElo "1966"]

1.e4 c5 2.Nf3 Nc6 3.d4 cxd4 4.Nxd4 Qb6 5.Nb3 Nf6 6.Nc3 e6 7.Be3 Qc7 8.f3 Bb4
9.Qd2 a6 10.O-O-O O-O 11.Bf4 Bxc3 12.bxc3 e5 13.Be3 Na5 14.Nxa5 Qxa5 15.Kb2 b5
16.c4 Qa4 17.Bc5 d6 18.Qxd6 Be6 19.Rd3 bxc4 20.Ra3 Rab8+ 21.Kc1 Qb5 22.Rb3 cxb3
23.Bxb5 bxa2 24.Kb2 Rxb5+ 25.Ka3 Rfb8 26.Ka4 Rb1  0-1

[Event "ch-POR"]
[Site "Amadora POR"]
[Date "2010.09.12"]
[Round "9"]
[White "Vasques,A"]
[Black "Pereira,Rub"]
[Result "0-1"]
[WhiteElo "2115"]
[BlackElo "2423"]

1.e4 c5 2.Nf3 Nc6 3.d4 cxd4 4.Nxd4 Qb6 5.Nb3 Nf6 6.Nc3 e6 7.Be3 Qc7 8.g3 h5
9.h3 a6 10.Bg2 Ne5 11.Qe2 Nc4 12.O-O-O Bb4 13.Bd4 e5 14.Nd5 Nxd5 15.exd5 O-O
16.d6 Bxd6 17.Qxh5 g6 18.Qh6 exd4 19.Bd5 Be5 20.Qxg6+ Bg7 21.Rxd4 Qb6 22.Rg4 Qxg6
23.Rxg6 Ne5 24.Rg5 d6 25.f4 Nd7 26.h4 Nb6 27.h5 Kh8 28.Bf3 Bf6 29.Ra5 Nc4
30.Ra4 Nxb2 31.Rb4 a5 32.Rb5 Nc4 33.g4 Bc3 34.a4 Bd7 35.Rxb7 Bxa4 36.g5 Rab8
37.g6 Rxb7 38.Bxb7 fxg6 39.hxg6+ Kg7 40.Be4 Rh8 41.Rd1 Rh2 42.Nd4 Bb2+ 43.Kb1 Bxd4
44.Rxd4 Nd2+ 45.Kb2 Nxe4 46.Rxa4 Nc5 47.Rxa5 Kxg6 48.Kc3 Kf5 49.Ra8 Kxf4
50.Re8 Ne4+ 51.Kb3 Ke3 52.c3 Kd3 53.Rd8 Rh7  0-1

[Event "WCh w Blitz Semi-Final"]
[Site "Moscow RUS"]
[Date "2010.09.15"]
[Round "9"]
[White "Gaponenko,I"]
[Black "Kharmunova,N"]
[Result "1-0"]
[WhiteElo "2469"]
[BlackElo "2121"]

1.e4 c5 2.Nf3 Nc6 3.d4 cxd4 4.Nxd4 Qb6 5.Nb3 Nf6 6.Nc3 e6 7.Qe2 Bb4 8.Be3 Qc7
9.Bd2 O-O 10.O-O-O d5 11.f3 a6 12.Qf2 b5 13.Kb1 Bb7 14.Bd3 d4 15.Ne2 Bxd2
16.Rxd2 e5 17.f4 a5 18.fxe5 Qxe5 19.Qf5 Qxf5 20.exf5 Ne5 21.Nexd4 Nxd3 22.cxd3 b4
23.Rc1 Rfd8 24.Nc5 Bd5 25.Nb5 a4 26.Nc7 Ra7 27.Nxd5 Nxd5 28.Ne4 h6 29.g3 Ne3
30.f6 gxf6 31.Nxf6+ Kg7 32.Nh5+ Kg6 33.Nf4+ Kg7 34.Re1 Nf5 35.Re5 Nd4 36.Rd1 a3
37.Rc1 axb2 38.Rc4 b3 39.axb3 Ra1+ 40.Kxb2 Rh1 41.Kc3 Nf3 42.Re7 Rxh2 43.Rcc7 Ng5
44.Ne6+ Nxe6 45.Rxe6 Rh1 46.Ree7 Rc1+ 47.Kd2 Rxc7 48.Rxc7 Ra8 49.b4 Kf6 50.b5 Ra1
51.b6 Rb1 52.b7 Ke6 53.Kc2 Rb5 54.Kc3 Kf6 55.Kc4 Rb1 56.Kd5 h5 57.Kd6 Rb3
58.d4 Rb6+ 59.Kd7 Rb5 60.Kc8  1-0

[Event "EYCC Boys U12"]
[Site "Batumi GEO"]
[Date "2010.09.23"]
[Round "5"]
[White "Arsic,D"]
[Black "Kudelya,I"]
[Result "0-1"]
[WhiteElo "1856"]
[BlackElo "1971"]

1.e4 c5 2.Nf3 Nc6 3.d4 cxd4 4.Nxd4 Qc7 5.Nc3 e6 6.f3 Nf6 7.Be3 d6 8.Be2 Be7
9.O-O O-O 10.Nb3 a6 11.a3 b5 12.Qe1 Bb7 13.Qg3 Rac8 14.Bh6 Ne8 15.Be3 Nf6
16.Bh6 Ne8 17.Be3 Na5 18.Nxa5 Qxa5 19.Bd3 g6 20.f4 f5 21.exf5 exf5 22.Rae1 Qd8
23.Bf2 Ng7 24.Re2 Bf6 25.Nd1 Qd7 26.Qe3 Qc6 27.Be1 Rfe8 28.Qd2 Rxe2 29.Qxe2 Re8
30.Qd2 Bd4+ 31.Kh1 Nh5 32.Bg3 Nf6 33.c3 Bb6 34.Re1 Rxe1+ 35.Bxe1 Ne4 36.Qc2 Nf2+  0-1

[Event "EYCC Girls U12"]
[Site "Batumi GEO"]
[Date "2010.09.27"]
[Round "8"]
[White "Ulusoy,Nisan"]
[Black "Beinenson,Katsiaryna"]
[Result "0-1"]
[WhiteElo "1555"]
[BlackElo "1921"]

1.e4 c5 2.Nf3 Nc6 3.d4 cxd4 4.Nxd4 Qb6 5.Nb3 Nf6 6.Be3 Qb4+ 7.N1d2 Nxe4 8.c3 Qa4
9.Qg4 d5 10.Qh4 Nxc3 11.Qh5 g6 12.Qf3 Ne4 13.Bd3 Ne5 14.Qe2 Nxd3+ 15.Qxd3 Nxd2
16.Qxd2 e6 17.O-O Bg7 18.Nc5 Qb5 19.Bd4 e5 20.a4 Qc4 21.Bc3 d4 22.Ne4 Qe6
23.Bxd4 exd4 24.Rac1 Qb6 25.a5 Qd8 26.Qb4 Qe7 27.Qb5+ Bd7 28.Qxb7 O-O 29.Rc7 Rfb8
30.Qd5 Be6 31.Qc6 Qe8 32.Qc1 Rc8  0-1

[Event "EYCC Boys U14"]
[Site "Batumi GEO"]
[Date "2010.09.27"]
[Round "8"]
[White "Bayramov,Elvin Shamil"]
[Black "Mirzoev,E"]
[Result "0-1"]
[WhiteElo "2006"]
[BlackElo "2109"]

1.e4 c5 2.Nf3 Nc6 3.d4 cxd4 4.Nxd4 Qb6 5.Nb3 e6 6.Nc3 Nf6 7.Bf4 Bb4 8.Bd3 d5
9.exd5 Nxd5 10.Bd2 Nxc3 11.bxc3 Be7 12.O-O O-O 13.Re1 Bf6 14.Rb1 Qc7 15.Nc5 g6
16.Qf3 Be5 17.h4 Qe7 18.Nxb7 Bxb7 19.Rxb7 Qxb7 20.Rxe5 Qd7 21.Rc5 Rfc8 22.Bh6 f5
23.Bb5 Rab8 24.Qg3 Rb6 25.Bc4 Nd8 26.Rxc8 Qxc8 27.Qe5 Rb1+ 28.Bf1 Rb7 29.Ba6 Rb1+
30.Bf1 Rb7 31.Ba6 Qc7 32.Qf6 Qe7 33.Qxe7 Rxe7 34.Bg5 Rd7 35.Kf1 Nf7 36.Be3 Rd6
37.Bc4 a6 38.Bd4 Rc6 39.Bb3 Kf8 40.Ba4 Rc7 41.f4 Ke7 42.Bb3 Nd6 43.Ke2 Ne4
44.Kd3 h6 45.Bc4 Rc6 46.Bg7 g5 47.fxg5 hxg5 48.h5 Kf7 49.Be5 Nf6 50.Bd4 Nxh5
51.Bb3 g4 52.c4 Nf6  0-1

[Event "EYCC Boys U12"]
[Site "Batumi GEO"]
[Date "2010.09.28"]
[Round "9"]
[White "Vorontsov,P"]
[Black "Kudelya,I"]
[Result "1/2-1/2"]
[WhiteElo "1969"]
[BlackElo "1971"]

1.e4 c5 2.Nf3 Nc6 3.d4 cxd4 4.Nxd4 Qc7 5.Nc3 e6 6.g3 a6 7.Bg2 d6 8.O-O Bd7
9.Nb3 Be7 10.f4 Nf6 11.a4 h5 12.h3 Na5 13.e5 dxe5 14.fxe5 Nxb3 15.exf6 Bc5+
16.Kh2 Nxa1 17.fxg7 Rg8 18.Bf4 Qb6 19.a5 Qxa5 20.Bxb7 Rd8 21.Ne4 Be7 22.Bd6 Ba4
23.Qf3 Qf5 24.Nf6+ Qxf6 25.Bc6+ Bxc6 26.Qxc6+ Rd7 27.Qc8+ Rd8 28.Qc6+ Rd7
29.Qa8+ Rd8 30.Qc6+ Rd7 31.Rxf6 Bxf6 32.Qc8+ Rd8 33.Qc6+ Rd7 34.Qa8+ Rd8
35.Qc6+ Rd7 36.c4 a5 37.Qc8+ Rd8 38.Qc6+ Rd7 39.Qa8+ Rd8 40.Qc6+ Rd7 41.c5 Nb3
42.Qf3 Bxb2 43.Qxb3 Bxg7 44.Qb8+ Rd8 45.Qb5+ Rd7 46.c6 Rxd6 47.Qb8+ Rd8 48.c7 Ke7
49.cxd8=Q+ Rxd8 50.Qc7+ Rd7 51.Qc5+ Ke8 52.Qxa5 Rd5 53.Qa4+ Ke7 54.Qh4+ Bf6
55.Qb4+ Ke8 56.h4 Be7 57.Qb8+ Bd8  1/2-1/2

[Event "21st Open"]
[Site "Goch GER"]
[Date "2010.09.30"]
[Round "1.8"]
[White "Stergar,L"]
[Black "Zozulia,A"]
[Result "0-1"]
[WhiteElo "1924"]
[BlackElo "2343"]

1.e4 c5 2.Nf3 Nc6 3.d4 cxd4 4.Nxd4 Qb6 5.Nxc6 bxc6 6.Bc4 Nf6 7.Nc3 d6 8.O-O g6
9.Bb3 Bg7 10.Be3 Qc7 11.f3 O-O 12.Qd2 a5 13.Na4 Nd7 14.c4 Rb8 15.Rab1 Ne5
16.c5 Ba6 17.Rfd1 Nd3 18.cxd6 exd6 19.Qc2 Ne5 20.Qf2 Rb4 21.Bb6 Qb8 22.Bxa5 Nd3
23.Qc2 Bd4+ 24.Kf1 Rxb3  0-1

[Event "Chigorin Mem Classic Open"]
[Site "St Petersburg RUS"]
[Date "2010.10.28"]
[Round "1"]
[White "Kuzevanova,E"]
[Black "Gasanov,E"]
[Result "1/2-1/2"]
[WhiteElo "2126"]
[BlackElo "2482"]

1.e4 c5 2.Nf3 Nc6 3.d4 cxd4 4.Nxd4 Qb6 5.Nb3 Nf6 6.Nc3 e6 7.Be3 Qc7 8.a3 a6
9.Be2 Be7 10.O-O O-O 11.f4 d6 12.Bf3 b5 13.Qd2 Rb8 14.Rad1 Re8 15.Qf2 Nd7
16.Rd2 Nb6 17.Bxb6 Qxb6 18.Qxb6 Rxb6 19.Rfd1 b4 20.axb4 Nxb4 21.Na5 Rd8 22.Na4 Rb8
23.c3 Bd7 24.Nc5 Bb5 25.Ncb7 Rd7 26.cxb4 Rdxb7 27.Nxb7 Rxb7 28.Rc1 g6 29.Be2 Bxe2
30.Rxe2 Rxb4 31.Rc8+ Kg7 32.Ra8 d5 33.Rxa6 dxe4 34.g3 Bf6 35.b3 e3 36.Ra3 Bc3
37.Rc2 Rd4 38.Rxc3 Rd1+ 39.Kg2 e2 40.Re3 e1=Q 41.Rxe1 Rxe1 42.Ra7 Re2+ 43.Kh3 h5
44.b4 e5 45.fxe5 Rxe5 46.Rd7 Rb5  1/2-1/2

[Event "XXIII Belgrade Trophy"]
[Site "Obrenovac SRB"]
[Date "2010.11.24"]
[Round "1.5"]
[White "Lopez Pereyra,A"]
[Black "Perunovic,Mil"]
[Result "1-0"]
[WhiteElo "2064"]
[BlackElo "2565"]

1.e4 c5 2.Nf3 Nc6 3.d4 cxd4 4.Nxd4 Qc7 5.Nc3 e6 6.Be2 a6 7.O-O Nf6 8.Kh1 Be7
9.Be3 O-O 10.f4 d6 11.Qe1 Nxd4 12.Bxd4 b5 13.a3 Bb7 14.Qg3 Rad8 15.Bd3 Rd7
16.Rae1 Qd8 17.Qh3 h6 18.Re3 Re8 19.Rg3 Kh8 20.f5 e5 21.Be3 Bf8 22.Bg5 d5
23.Qh4 dxe4 24.Bxe4 Bxe4 25.Nxe4 Rd1 26.Rf3 Be7 27.Bxf6 Bxf6 28.Qh5 Rd4 29.Re3 Kg8
30.c3 Rd5 31.Ree1 Qb6 32.Rd1 Red8 33.Rxd5 Rxd5 34.Qf3 Rd7 35.h3 Qd8 36.b4 Rd3
37.Nxf6+ gxf6 38.Qh5 Rxc3 39.Qxh6 Rxa3 40.Rc1 Rg3 41.Kh2 Rg5 42.h4 Rxf5 43.Rc3  1-0

[Event "XXIII Belgrade Trophy"]
[Site "Obrenovac SRB"]
[Date "2010.11.26"]
[Round "3.27"]
[White "Sredojevic,I"]
[Black "Andrejic,V"]
[Result "1-0"]
[WhiteElo "2411"]
[BlackElo "2168"]

1.d4 c5 2.e4 cxd4 3.Nf3 Nc6 4.Nxd4 Qc7 5.Nc3 e6 6.Be3 a6 7.Qd2 Nf6 8.f3 Bb4
9.g4 h6 10.O-O-O Ne5 11.Bf4 d6 12.Kb1 Bxc3 13.Qxc3 Qxc3 14.bxc3 Nexg4 15.fxg4 Nxe4
16.Re1 Nxc3+ 17.Kb2 Na4+ 18.Ka3 b5 19.Bg2 Ra7 20.Bxd6 Bb7 21.Nc6 Kd7 22.Bb8 Rxb8
23.Nxb8+ Kc7 24.Bxb7 Rxb7 25.Nxa6+ Kb6 26.Nb4 Rc7 27.Re3 Rc4 28.Rd1 Ka5 29.Rd8 Nb6
30.c3 Rxg4 31.Kb3 Rg2 32.Rd6 Rxh2 33.Red3 Rh4 34.Rc6 Rc4 35.Rd7  1-0

[Event "XXIII Belgrade Trophy"]
[Site "Obrenovac SRB"]
[Date "2010.11.29"]
[Round "6.46"]
[White "Vucinic,G"]
[Black "Sredojevic,I"]
[Result "0-1"]
[WhiteElo "2034"]
[BlackElo "2411"]

1.e4 c5 2.Nf3 Nc6 3.d4 cxd4 4.Nxd4 Qc7 5.Nc3 e6 6.Be3 a6 7.Qd2 Nf6 8.O-O-O Bb4
9.f3 b5 10.Kb1 Rb8 11.Bf4 Ne5 12.Bxe5 Qxe5 13.Nc6 Bxc3 14.bxc3 Qc7 15.Nxb8 Qxb8
16.Qd6 Qxd6 17.Rxd6 Ke7 18.Rd4 e5 19.Rd2 d6 20.c4 b4 21.Kb2 Be6 22.c3 a5
23.cxb4 axb4 24.Be2 Rb8 25.Rb1 Nd7 26.Ka1 Nc5 27.Rdb2 Na6 28.a3 Ra8 29.Ra2 b3
30.Rxb3 Nc5 31.Rb4 f5 32.exf5 Bxf5 33.a4 Ra5 34.Bd1 Be6 35.Bc2 Ra7 36.Bxh7 Na6
37.Rab2 Nxb4 38.Rxb4 Bf7 39.Bc2 Kd8 40.Kb2 Kc7 41.Ka3 Kc6 42.Be4+ Kc5 43.Kb3 g5
44.g3 Kd4 45.h4 g4 46.h5 Ke3 47.Rb7 Rxb7+ 48.Bxb7 gxf3 49.h6 Bg6 50.a5 e4
51.a6 f2 52.a7 f1=Q 53.a8=Q Qb1+ 54.Ka4 Qb6 55.Qa6 Be8+ 56.Ka3 Qd4 57.Qa5 Qa1+  0-1